MARC

LEADER 00000nam0a2200000 4500
001 113391
005 20231101215125.0
035 |a (RuTPU)RU\TPU\book\122634 
090 |a 113391 
100 |a 20070410d1967 k y0rusy50 ca 
101 0 |a rus 
102 |a AM 
105 |a c z 001zy 
200 1 |a Революционная ситуация в России накануне Октября  |f Э. А. Адибек-Меликян 
210 |a Ереван  |c Айастан  |d 1967 
215 |a 411 с.  |c портр. 
320 |a Библиогр. в примеч. 
606 1 |a Октябрьская революция 1917 в России  |2 stltpush  |3 (RuTPU)RU\TPU\subj\66157  |9 82371 
610 1 |a революционная ситуация 
610 1 |a Россия 
610 1 |a самодержавие 
610 1 |a июльский кризис 
610 1 |a вооруженные восстания 
610 1 |a Коммунистическая партия 
686 |a Т3(2)611  |2 rubbk 
700 1 |a Адибек-Меликян  |b Э. А.  |g Эдуард Арташесович 
801 1 |a RU  |b 63413507  |c 20070410  |g PSBO 
801 2 |a RU  |b 63413507  |c 20180517  |g PSBO 
942 |c BK